Oscar du meilleur film par images - Statistiques

Statistiques générales
  • Ce quiz a été pris 495 fois
    89 depuis la dernière actualisation
  • Le résultat moyen est 37 sur 98
Statistiques - réponses
Par images Hint Réponse % Correct
2024 Oppenheimer
97%
1995 Forrest Gump
93%
2001 Gladiator
93%
1973 Le Parrain
93%
1998 Titanic
91%
2004 Le Seigneur des anneaux : Le Retour du roi
88%
2020 Parasite
88%
1977 Rocky
87%
2012 The Artist
81%
1992 Le Silence des agneaux
76%
2026 Une bataille après l'autre
75%
2005 Million Dollar Baby
71%
1983 Gandhi
68%
2019 Green Book
67%
1975 Le Parrain 2
67%
2009 Slumdog Millionaire
65%
1996 Braveheart
63%
1951 Ève
63%
1994 La Liste de Schindler
63%
1985 Amadeus
60%
2015 Birdman
60%
2011 Le Discours d'un roi
60%
2023 Everything Everywhere All at Once
57%
2008 No Country for Old Men
57%
2025 Anora
56%
2018 La Forme de l'eau
55%
1989 Rain Man
55%
1962 West Side Story
55%
2014 Twelve Years a Slave
53%
1976 Vol au-dessus d'un nid de coucou
53%
1960 Ben-Hur
52%
2007 Les Infiltrés
52%
1991 Danse avec les loups
51%
2017 Moonlight
51%
2000 American Beauty
48%
2013 Argo
44%
1987 Platoon
44%
1988 Le Dernier Empereur
41%
1940 Autant en emporte le vent
40%
2003 Chicago
40%
2010 Démineurs
40%
1966 La Mélodie du bonheur
40%
2021 Nomadland
37%
2002 Un homme d'exception
37%
1958 Le Pont de la rivière Kwaï
35%
1978 Annie Hall
32%
1944 Casablanca
31%
2022 Coda
31%
1980 Kramer contre Kramer
31%
1963 Lawrence d'Arabie
31%
2016 Spotlight
31%
1999 Shakespeare in Love
29%
1979 Voyage au bout de l'enfer
29%
1993 Impitoyable
28%
1997 Le Patient Anglais
28%
1986 Out of Africa
28%
1957 Le Tour du monde en quatre-vingts jours
27%
1965 My Fair Lady
27%
1972 French Connection
25%
1982 Les Chariots de feu
25%
1990 Miss Daisy et son chauffeur
25%
1974 L'Arnaque
24%
1971 Patton
24%
1970 Macadam Cowboy
23%
1930 À l'Ouest, rien de nouveau
20%
2006 Collision
20%
1941 Rebecca
20%
1955 Sur les quais
20%
1961 La Garçonnière
17%
1952 Un Américain à Paris
17%
1968 Dans la chaleur de la nuit
16%
1949 Hamlet
16%
1969 Oliver !
16%
1959 Gigi
15%
1935 New York-Miami
15%
1936 Les Révoltés du Bounty
13%
1954 Tant qu'il y aura des hommes
13%
1929 Les Ailes
12%
1956 Marty
12%
1984 Tendres Passions
11%
1953 Sous le plus grand chapiteau du monde
9%
1964 Tom Jones
9%
1981 Des gens comme les autres
8%
1931 La Ruée vers l'Ouest
8%
1938 La Vie d'Émile Zola
8%
1946 Le Poison
8%
1942 Qu'elle était verte ma vallée
8%
1930 Broadway Melody
7%
1934 Cavalcade
7%
1932 Grand Hotel
7%
1967 Un homme pour l'éternité
7%
1939 Vous ne l'emporterez pas avec vous
7%
1945 La Route semée d'étoiles
5%
1937 Le Grand Ziegfeld
5%
1948 Le Mur invisible
5%
1947 Les Plus Belles Années de notre vie
5%
1943 Madame Miniver
5%
1950 Les Fous du roi
3%
Aucun quiz correspondant
Distribution des résultats
% des personnes avec chaque résultat
Percentile par nombre de réponses
Votre historique - résultats
Vous n’avez pas pris ce quiz depuis la dernière actualisation